|
|
|
|
| LEADER |
00899nam a2200241 a 4500 |
| 001 |
12169159 |
| 008 |
100408s2001 nyu b 001 0 eng d |
| 010 |
|
|
|a 00048057
|
| 020 |
|
|
|a 0393974294 (hc.)
|
| 040 |
|
|
|a DLC
|c DLC
|d DLC
|
| 082 |
0 |
0 |
|a 801/.95
|2 21
|
| 245 |
0 |
4 |
|a The Norton anthology of theory and criticism /
|c Vincent B. Leitch, general editor.
|
| 250 |
|
|
|a 1st ed.
|
| 260 |
|
|
|a New York :
|b Norton,
|c 2001.
|
| 300 |
|
|
|a xxxviii, 2624 p. ;
|c 24 cm.
|
| 504 |
|
|
|a Includes bibliographical references and indexes.
|
| 541 |
1 |
|
|e 00013603
|
| 650 |
|
0 |
|a Criticism.
|
| 650 |
|
0 |
|a Literature
|x History and criticism.
|
| 700 |
1 |
|
|a Leitch, Vincent B.,
|d 1944-
|
| 852 |
4 |
|
|a Ayesha Abed Library
|j General Shelf.
|
| 999 |
|
|
|c 8022
|d 8022
|
| 952 |
|
|
|0 0
|1 0
|2 ddc
|4 0
|6 801_950000000000000_NOR
|7 0
|9 9092
|a BRACUL
|b BRACUL
|c GEN
|d 2010-04-08
|g 1778.00
|l 7
|m 78
|o 801.95 NOR
|p 3010013603
|r 2025-01-16
|s 2024-11-14
|t 1
|w 2010-04-08
|y BK
|